000 00675nam a2200253Ia 4500
003 OSt
005 20221007103602.0
006 a|||||r|||| 00| 0
007 ta
008 221006b |||||||| |||| 00| 0 eng d
024 _a13,532
037 _cTextual
040 _aLCO
_cLCO
_beng
041 _2eng
_aeng
082 _aZ5,3:(Y7), L5
100 _aMathijsen P.S.R.F.
_9705286
245 0 _aEuropean Community Law
250 _a2nd
260 _aLondon
_bSweet & Maxwell Ltd. Great Britain
_c1975
300 _a263
650 _aEuropean Community Law
_9705287
942 _hZ5,3:(Y7), L5
_cTEXL
999 _c1183095
_d1183095